Shakespeare's dramatische werk / (Record no. 85058)
[ view plain ]
| 000 -LEADER | |
|---|---|
| fixed length control field | 00837cam2a220024100 4500 |
| 001 - CONTROL NUMBER | |
| control field | tmp15348881 |
| 003 - CONTROL NUMBER IDENTIFIER | |
| control field | UPRA |
| 005 - DATE AND TIME OF LATEST TRANSACTION | |
| control field | 20190816095931.0 |
| 008 - FIXED-LENGTH DATA ELEMENTS--GENERAL INFORMATION | |
| fixed length control field | 950801q18001899gw ger u |
| 035 ## - SYSTEM CONTROL NUMBER | |
| System control number | (Sirsi) r125156 |
| 035 ## - SYSTEM CONTROL NUMBER | |
| System control number | (UPRA)tmp15348881 |
| 040 ## - CATALOGING SOURCE | |
| Transcribing agency | UPRA |
| 041 1# - LANGUAGE CODE | |
| Language code of text/sound track or separate title | ger und |
| Language code of original | ger und |
| 100 1# - MAIN ENTRY--PERSONAL NAME | |
| Personal name | Shakespeare, William, 1564-1616. |
| Dates associated with a name | Shakespeare, William, 1564-1616. |
| Linkage | A1194.1 |
| 245 10 - TITLE STATEMENT | |
| Title | Shakespeare's dramatische werk / |
| Statement of responsibility, etc. | uebersetzt von Schlegel, Benda und Bok. |
| 250 ## - EDITION STATEMENT | |
| Edition statement | Zweiter Band. |
| 260 ## - PUBLICATION, DISTRIBUTION, ETC. | |
| Place of publication, distribution, etc. | Berlin : |
| Name of publisher, distributor, etc. | G. Reimer, |
| Date of publication, distribution, etc. | [18--] |
| 700 1# - ADDED ENTRY--PERSONAL NAME | |
| Personal name | Schlegel, August Wilhelm von, 1767-1845. |
| Dates associated with a name | Schlegel, August Wilhelm von, 1767-1845. |
| Linkage | A93396.1 |
| 700 1# - ADDED ENTRY--PERSONAL NAME | |
| Personal name | Benda, Johann Wilhelm Otto. |
| Linkage | A93397.1 |
| 700 1# - ADDED ENTRY--PERSONAL NAME | |
| Personal name | Bok, Heinrich. |
| Linkage | A93398.1 |
| 949 ## - LOCAL PROCESSING INFORMATION (OCLC) | |
| a | PR2781 |
| w | lcc |
| i | -179719 |
| m | MAIN |
| t | BOOK |
| l | ON-SHELF |
No items available.